| 000 | 00398nam a2200145Ia 4500 | ||
|---|---|---|---|
| 008 | 230917s9999||||xx |||||||||||||| ||und|| | ||
| 040 |
_e187729 _aMAIN |
||
| 041 | _aEnglish | ||
| 082 | _a005.133 I2P | ||
| 100 | _aIndira Gandhi National Open University | ||
| 245 | 0 | _aProgramming (PGDLAN). | |
| 260 |
_aNew Delhi _bIndira Gandhi National Open University _c2009 |
||
| 300 | _a340 p. | ||
| 942 | _cBK | ||
| 999 |
_c151855 _d151855 |
||